LEADER 01093nam a22002531i 4500 001 991001367519707536 005 20031105101024.0 008 040407s1977 gw |||||||||||||||||ger 035 $ab12759429-39ule_inst 035 $aARCHE-073905$9ExL 040 $aDip.to Scienze Storiche$bita$cA.t.i. Arché s.c.r.l. Pandora Sicilia s.r.l. 082 04$a901.9 245 04$aDie Machte des Guten und Bosen :$bVorstellungen im XII und XIII Jahrhundert uber ihr Wirken in der Heilsgeschichte /$cherausgegeben von Albert Zimmermann 260 $aBerlin :$bGruyter,$c1977 300 $aVIII, 584 p. ;$c24 cm 440 0$aMiscellanea mediaevalia ;$v11 650 4$aCiviltà$xMedioevo 700 1 $aZimmermann, Albert$eauthor$4http://id.loc.gov/vocabulary/relators/aut$0384404 907 $a.b12759429$b02-04-14$c16-04-04 912 $a991001367519707536 945 $aLE009 MSM VII Coll. 17/11$g1$i2009000192225$lle009$o-$pE0.00$q-$rn$so $t0$u0$v0$w0$x0$y.i13299219$z16-04-04 996 $aMachte des Guten und Bosen$91447575 997 $aUNISALENTO 998 $ale009$b16-04-04$cm$da $e-$fger$ggw $h4$i1